Challange of Banking Sector of Pakistan in 21st Century (Record no. 346569)
[ view plain ]
| 000 -LEADER | |
|---|---|
| fixed length control field | 00370 a2200121 4500 |
| 082 ## - DEWEY DECIMAL CLASSIFICATION NUMBER | |
| Classification number | 332.1095491 |
| 090 ## - LOCALLY ASSIGNED LC-TYPE CALL NUMBER (OCLC); LOCAL CALL NUMBER (RLIN) | |
| -- | 4114 |
| -- | 4114 |
| 100 ## - MAIN ENTRY--PERSONAL NAME | |
| Personal name | The Institute of bankersin Pakistan |
| 245 ## - TITLE STATEMENT | |
| Title | Challange of Banking Sector of Pakistan in 21st Century |
| 260 ## - PUBLICATION, DISTRIBUTION, ETC. | |
| Place of publication, distribution, etc. | Krachi, Pakistan |
| Name of publisher, distributor, etc. | Institute of Bankers in Pakistan |
| Date of publication, distribution, etc. | 1998 |
| 300 ## - PHYSICAL DESCRIPTION | |
| Extent | 217 |
| 942 ## - ADDED ENTRY ELEMENTS (KOHA) | |
| Institution code [OBSOLETE] | NBS |
| Koha item type | Book |
| Call number prefix | 332.1095491 IBP |
| Withdrawn status | Lost status | Damaged status | Not for loan | Permanent Location | Current Location | Date acquired | Total Checkouts | Full call number | Barcode | Date last seen | Date last checked out | Price effective from | Koha item type |
|---|---|---|---|---|---|---|---|---|---|---|---|---|---|
| Central Library (CL) | Central Library (CL) | 08/28/2013 | 1 | 332.1095491 IBP | NBSD-358 | 11/22/2017 | 07/31/2017 | 08/28/2013 | Book |
